[Event "Tamil Nadu IM 22nd"]
[Site "Chennai"]
[Date "2024.07.31"]
[Round "4"]
[White "Adireddy, Arjun"]
[Black "Manik, Mikulas"]
[Result "1-0"]
[WhiteElo "2301"]
[BlackElo "2338"]
[PlyCount "95"]
[EventDate "2024.07.29"]
[EventType "tourn"]
[EventRounds "9"]
[EventCountry "IND"]
[EventCategory "2"]
[SourceTitle "CB32_2024"]
[SourceDate "2024.08.08"]
[SourceVersion "1"]
[SourceVersionDate "2024.08.08"]
[SourceQuality "1"]

1. e4 c5 2. Nf3 Nc6 3. d4 cxd4 4. Nxd4 g6 5. c4 Bg7 6. Be3 Qb6 7. Nb3 Qd8 8. Nd4 Qb6 9. Nb5 Qa5+ 10. N5c3 Nf6 11. f3 d6 12. Be2 0-0 13. 0-0 Be6 14. a3 Rfc8 15. Nd5 Nd7 16. Nbc3 Bxd5 17. exd5 Nce5 18. Bd4 Nxc4 19. Bxg7 Nxb2 20. Qd4 f6 21. Ne4 Rc2 22. Bd1 Nxd1 23. Qxd1 Rac8 24. Bh6 Nb6 25. Qd4 Qxd5 26. Qe3 f5 27. Ng5 Qc5 28. Qxc5 R8xc5 29. Rfe1 e5 30. Rad1 Nc4 31. Rd3 b5 32. Red1 Ra2 33. h3 Rc6 34. Rb3 a6 35. Rdd3 Nd2 36. Rbc3 Rxc3 37. Rxc3 Nc4 38. Rc1 Rxa3 39. Rb1 Ra2 40. Kh1 Rb2 41. Rd1 a5 42. g4 f4 43. Ne4 a4 44. Nxd6 a3 45. Ne4 a2 46. Rd8+ Kf7 47. Rd7+ Ke6 48. Nc5+ 1-0

[Event "Tamil Nadu IM 22nd"]
[Site "Chennai"]
[Date "2024.07.29"]
[Round "1"]
[White "Annageldyev, Orazly"]
[Black "Adireddy, Arjun"]
[Result "0-1"]
[WhiteElo "2316"]
[BlackElo "2301"]
[PlyCount "92"]
[EventDate "2024.07.29"]
[EventType "tourn"]
[EventRounds "9"]
[EventCountry "IND"]
[EventCategory "2"]
[SourceTitle "CB32_2024"]
[SourceDate "2024.08.08"]
[SourceVersion "1"]
[SourceVersionDate "2024.08.08"]
[SourceQuality "1"]

1. e4 c5 2. Nf3 d6 3. Nc3 a6 4. a4 Nf6 5. Bc4 e6 6. Qe2 Nc6 7. 0-0 Be7 8. d3 d5 9. Ba2 0-0 10. Re1 d4 11. Nb1 b5 12. h3 Qc7 13. Bg5 Rb8 14. axb5 axb5 15. e5 Nd5 16. Bxe7 Ndxe7 17. Nbd2 Bb7 18. c3 dxc3 19. bxc3 Ng6 20. Qe3 Nce7 21. Ne4 Nf5 22. Qxc5 Qxc5 23. Nxc5 Bxf3 24. gxf3 Nfh4 25. Re3 Nxe5 26. f4 Rfc8 27. fxe5 Rxc5 28. d4 Rc7 29. Rb1 Kf8 30. Rb2 Nf5 31. Rd3 Ke7 32. Kf1 g6 33. Ke2 Rd7 34. Kd2 b4 35. Kc2 Ra8 36. cxb4 Nxd4+ 37. Kb1 Nc6 38. Rxd7+ Kxd7 39. b5 Nxe5 40. f4 Nf3 41. Rf2 Nd4 42. Rd2 Ra4 43. Kb2 Kc7 44. Rd3 Nxb5 45. Rf3 Rb4+ 46. Kc1 Kd6 0-1

[Event "Tamil Nadu IM 21st"]
[Site "Chennai"]
[Date "2024.07.27"]
[Round "9"]
[White "Adireddy, Arjun"]
[Black "Aakash, G2."]
[Result "1/2-1/2"]
[WhiteElo "2301"]
[BlackElo "2269"]
[PlyCount "46"]
[EventDate "2024.07.21"]
[EventType "tourn"]
[EventRounds "9"]
[EventCountry "IND"]
[EventCategory "2"]
[SourceTitle "CB31_2024"]
[SourceDate "2024.07.31"]
[SourceVersion "1"]
[SourceVersionDate "2024.07.31"]
[SourceQuality "1"]

1. e4 c5 2. Nf3 d6 3. d4 cxd4 4. Nxd4 Nf6 5. Nc3 a6 6. Be3 e5 7. Nf3 Be7 8. Bc4 0-0 9. 0-0 Be6 10. Bb3 Nc6 11. Qe2 Bg4 12. Rad1 Kh8 13. h3 Bh5 14. Nd5 Nxd5 15. Bxd5 Qc8 16. c3 Nd8 17. g4 Bxg4 18. hxg4 Qxg4+ 19. Kh2 Qh5+ 20. Kg2 Qg4+ 21. Kh2 Qh5+ 22. Kg2 Qg4+ 23. Kh2 Qh5+ 1/2-1/2

[Event "Tamil Nadu IM 21st"]
[Site "Chennai"]
[Date "2024.07.24"]
[Round "6"]
[White "Annageldyev, Orazly"]
[Black "Adireddy, Arjun"]
[Result "0-1"]
[WhiteElo "2316"]
[BlackElo "2301"]
[PlyCount "66"]
[EventDate "2024.07.21"]
[EventType "tourn"]
[EventRounds "9"]
[EventCountry "IND"]
[EventCategory "2"]
[SourceTitle "CB31_2024"]
[SourceDate "2024.07.31"]
[SourceVersion "1"]
[SourceVersionDate "2024.07.31"]
[SourceQuality "1"]

1. d4 d5 2. Nf3 Nf6 3. c4 c6 4. e3 e6 5. Nbd2 Nbd7 6. Bd3 dxc4 7. Nxc4 b5 8. Nce5 Bb7 9. 0-0 a6 10. Nxd7 Nxd7 11. e4 Be7 12. a4 b4 13. Qe2 0-0 14. Rd1 Re8 15. Bf4 c5 16. d5 exd5 17. exd5 Nf6 18. Qc2 Bd6 19. Bg5 h6 20. Bh4 g5 21. Nxg5 hxg5 22. Bxg5 Bxh2+ 23. Kf1 Qd6 24. Qc4 Bxd5 25. Qh4 Ne4 26. Rac1 Nxg5 27. Qxg5+ Kf8 28. g3 Qc6 29. Be2 Bg2+ 30. Ke1 Bf3 31. Rd2 Bxe2 32. Rxe2 Qh1+ 33. Kd2 Rad8+ 0-1

[Event "Wch U20 61st"]
[Site "Gandhinagar"]
[Date "2024.06.12"]
[Round "10"]
[White "Adireddy, Arjun"]
[Black "Gubatayev, Ahmet"]
[Result "1-0"]
[WhiteElo "2306"]
[BlackElo "2055"]
[PlyCount "71"]
[EventDate "2024.06.02"]
[EventType "swiss"]
[EventRounds "11"]
[EventCountry "IND"]
[SourceTitle "CB25_2024"]
[SourceDate "2024.06.01"]
[SourceVersion "1"]
[SourceVersionDate "2024.06.01"]
[SourceQuality "2"]

1. e4 c5 2. Nf3 d6 3. d4 cxd4 4. Nxd4 Nf6 5. Nc3 a6 6. h3 e5 7. Nb3 Be6 8. f4 Nbd7 9. f5 Bxb3 10. axb3 b5 11. Qf3 Be7 12. Bd3 b4 13. Na4 Qc7 14. 0-0 Qc6 15. Bc4 Nxe4 16. Rd1 Ndf6 17. Bd5 Nxd5 18. Qxe4 Rc8 19. Qxd5 Qxd5 20. Rxd5 Rxc2 21. Nb6 g6 22. f6 Bxf6 23. Nc4 Be7 24. Nxd6+ Bxd6 25. Rxd6 0-0 26. Bh6 Rfc8 27. Rad1 f5 28. Rxa6 f4 29. Rf6 R2c7 30. Re1 Rc5 31. Re4 R5c6 32. Rxc6 Rxc6 33. Rxe5 Rc1+ 34. Kh2 Rc2 35. Re8+ Kf7 36. Rf8+ 1-0

[Event "Wch U20 61st"]
[Site "Gandhinagar"]
[Date "2024.06.05"]
[Round "4"]
[White "Avila Pavas, Santiago"]
[Black "Adireddy, Arjun"]
[Result "0-1"]
[WhiteElo "2495"]
[BlackElo "2306"]
[PlyCount "116"]
[EventDate "2024.06.02"]
[EventType "swiss"]
[EventRounds "11"]
[EventCountry "IND"]
[SourceTitle "CB25_2024"]
[SourceDate "2024.06.01"]
[SourceVersion "1"]
[SourceVersionDate "2024.06.01"]
[SourceQuality "2"]

1. e4 c5 2. Nf3 e6 3. d4 cxd4 4. Nxd4 Nc6 5. Nc3 Qc7 6. Be3 a6 7. Qf3 b5 8. Qg3 Qxg3 9. hxg3 Nxd4 10. Bxd4 Bb7 11. f3 Ne7 12. 0-0-0 Nc6 13. Bb6 Rc8 14. Be2 Ne5 15. Bd4 f6 16. f4 Nf7 17. Bf3 Bc5 18. Bh5 Bxd4 19. Bxf7+ Kxf7 20. Rxd4 Ke7 21. a4 Bc6 22. axb5 axb5 23. Re1 h5 24. Nd5+ Bxd5 25. exd5 Rc5 26. c3 Rh6 27. Re3 f5 28. Kc2 Rg6 29. Kb3 Rg4 30. Kb4 Rc8 31. dxe6 dxe6 32. Rd5 Kf6 33. Rd6 Re8 34. Kxb5 h4 35. gxh4 Rxg2 36. b4 Rg4 37. Kc5 Rxf4 38. b5 Rf1 39. b6 Rb1 40. Rf3 Ke5 41. Re3+ Kf6 42. Kc6 f4 43. Red3 Kf5 44. Kd7 Rf8 45. c4 e5 46. c5 e4 47. R3d5+ Kg4 48. Ke7 Rf6 49. Rd1 Rb3 50. R6d5 e3 51. Rg5+ Kf3 52. Rf1+ Ke2 53. Rh1 f3 54. Rxg7 Rc6 55. Rg5 f2 56. Kd7 Rf6 57. c6 Rxb6 58. c7 Rf7+ 0-1

[Event "Titled Tuesday intern op 21st May Early"]
[Site "Chess.com INT"]
[Date "2024.05.21"]
[Round "1"]
[White "Adireddy, Arjun"]
[Black "Shevchuk, Olexandr"]
[Result "1-0"]
[WhiteElo "2306"]
[BlackElo "2093"]
[PlyCount "127"]
[EventDate "2024.05.21"]
[EventType "swiss (blitz)"]
[EventRounds "11"]
[EventCountry "USA"]
[SourceTitle "CB22_2024"]
[SourceDate "2024.05.29"]
[SourceVersion "1"]
[SourceVersionDate "2024.05.29"]
[SourceQuality "1"]

1. e4 e6 2. d4 d5 3. Bd3 dxe4 4. Bxe4 Nf6 5. Bf3 c5 6. Ne2 Nc6 7. Be3 cxd4 8. Nxd4 Ne5 9. Qe2 Nxf3+ 10. Qxf3 Be7 11. Nc3 0-0 12. 0-0 a6 13. Rad1 Qc7 14. h3 Rd8 15. Nb3 Bd7 16. Bf4 Qb6 17. Be3 Qc7 18. Bf4 e5 19. Bg5 Bc6 20. Qg3 Nd5 21. Nxd5 Bxd5 22. Bxe7 Qxe7 23. Rfe1 f6 24. Rd3 Bc4 25. Rxd8+ Rxd8 26. Qc3 Bf7 27. Na5 g6 28. a3 Kg7 29. Qf3 Rd5 30. Nc4 Rc5 31. Ne3 b5 32. h4 e4 33. Qg3 Qe5 34. Qxe5 Rxe5 35. Rd1 f5 36. Rd6 f4 37. Ng4 Rc5 38. c3 Rf5 39. h5 gxh5 40. Nh2 Re5 41. Nf1 a5 42. Nd2 Rd5 43. Nxe4 Rxd6 44. Nxd6 Bc4 45. a4 Kf6 46. axb5 Bd5 47. b6 Ke5 48. b7 Bxb7 49. Nxb7 a4 50. Nc5 Kd5 51. Nxa4 h4 52. b4 Kc4 53. Nc5 Kb5 54. Ne6 f3 55. Nf4 Kc4 56. gxf3 h6 57. Kg2 Kxc3 58. Kh3 Kxb4 59. Kxh4 Kc5 60. Kh5 Kd4 61. Kxh6 Ke5 62. Nh5 Kf5 63. f4 Kg4 64. Kg6 1-0

[Event "Titled Tuesday intern op 30th Apr Early"]
[Site "Chess.com INT"]
[Date "2024.04.30"]
[Round "1"]
[White "Shinkarev, M."]
[Black "Adireddy, Arjun"]
[Result "1/2-1/2"]
[WhiteElo "2111"]
[BlackElo "2300"]
[PlyCount "77"]
[EventDate "2024.04.30"]
[EventType "swiss (blitz)"]
[EventRounds "11"]
[EventCountry "USA"]
[SourceTitle "CB19_2024"]
[SourceDate "2024.05.08"]
[SourceVersion "1"]
[SourceVersionDate "2024.05.08"]
[SourceQuality "1"]

1. c4 e5 2. g3 Nf6 3. Bg2 d5 4. cxd5 Nxd5 5. Nf3 Nc6 6. 0-0 Be7 7. d4 e4 8. Ne5 f5 9. Nxc6 bxc6 10. Qc2 Qd6 11. Nc3 Nxc3 12. Qxc3 Be6 13. Bf4 Qd7 14. f3 exf3 15. Bxf3 Bd5 16. Bxd5 Qxd5 17. Bxc7 0-0 18. Be5 c5 19. dxc5 Bxc5+ 20. e3 Rfe8 21. Bd4 Rac8 22. Rad1 Bxd4 23. Qxd4 Qxd4 24. Rxd4 Rxe3 25. Rxf5 Re2 26. Rf2 Rxf2 27. Kxf2 Rc2+ 28. Kg1 Rxb2 29. Rd8+ Kf7 30. Rd7+ Kf6 31. Rxa7 h5 32. Ra5 g6 33. h3 Kg7 34. Ra6 Kh6 35. Kh1 Kg5 36. Ra5+ Kf6 37. Kg1 Ke6 38. Kh1 Kf6 39. Kg1 1/2-1/2

[Event "Titled Tuesday intern op 16th Apr Late"]
[Site "Chess.com INT"]
[Date "2024.04.16"]
[Round "1"]
[White "Adireddy, Arjun"]
[Black "Yedidia, Jonathan"]
[Result "0-1"]
[WhiteElo "2300"]
[BlackElo "2361"]
[PlyCount "124"]
[EventDate "2024.04.16"]
[EventType "swiss (blitz)"]
[EventRounds "11"]
[EventCountry "USA"]
[SourceTitle "CB17_2024"]
[SourceDate "2024.04.24"]
[SourceVersion "1"]
[SourceVersionDate "2024.04.24"]
[SourceQuality "1"]

1. e4 d6 2. d4 Nf6 3. Nc3 e5 4. dxe5 dxe5 5. Qxd8+ Kxd8 6. Nf3 Bd6 7. Bg5 Be6 8. 0-0-0 Nbd7 9. Bb5 Kc8 10. a3 a6 11. Be2 h6 12. Bh4 g5 13. Bg3 Nh5 14. Nd5 Nf4 15. Bxf4 exf4 16. Nd4 Ne5 17. Nxe6 fxe6 18. Nb6+ cxb6 19. Rxd6 Re8 20. Rxb6 Kc7 21. Rb3 Rad8 22. Rd1 Rxd1+ 23. Bxd1 Rd8 24. Be2 Rd4 25. Rc3+ Kd6 26. f3 Ng6 27. Rc8 Kd7 28. Rg8 Nh4 29. g3 Ng2 30. Rg6 Ne1 31. Rxh6 g4 32. fxg4 Rxe4 33. Bd3 Nxd3+ 34. cxd3 fxg3 35. hxg3 Rxg4 36. Rh3 Kc6 37. Kd2 Kd5 38. Ke3 b5 39. Kf3 Rd4 40. Rh5+ e5 41. Ke3 Rg4 42. Rh3 a5 43. Kf3 Rd4 44. Ke2 Rg4 45. Ke3 a4 46. Kd2 b4 47. axb4 Rxb4 48. Kc3 Rg4 49. Rh4 Rxg3 50. Rxa4 Rg1 51. Ra5+ Kd6 52. Ra6+ Kd5 53. Ra5+ Kd6 54. b4 Rg3 55. Ra6+ Kd5 56. Ra5+ Kd6 57. b5 e4 58. b6 Rxd3+ 59. Kc4 Kc6 60. Rb5 Kb7 61. Rc5 Rd6 62. Rb5 Rxb6 0-1

[Event "Titled Tuesday intern op 16th Apr Early"]
[Site "Chess.com INT"]
[Date "2024.04.16"]
[Round "7"]
[White "Amador Garcia, Ismael"]
[Black "Adireddy, Arjun"]
[Result "0-1"]
[WhiteElo "2233"]
[BlackElo "2300"]
[PlyCount "48"]
[EventDate "2024.04.16"]
[EventType "swiss (blitz)"]
[EventRounds "11"]
[EventCountry "USA"]
[SourceTitle "CB17_2024"]
[SourceDate "2024.04.24"]
[SourceVersion "1"]
[SourceVersionDate "2024.04.24"]
[SourceQuality "1"]

1. e4 c5 2. Nf3 Nc6 3. Bb5 d6 4. 0-0 Bd7 5. Re1 e5 6. a4 a6 7. Bc4 Be7 8. h3 Nf6 9. Nc3 0-0 10. d3 Rb8 11. Bg5 h6 12. Bxf6 Bxf6 13. Nd2 Be6 14. Bxe6 fxe6 15. Qg4 Qe7 16. a5 Nd4 17. Rac1 Bg5 18. Red1 Rf4 19. Qh5 Rbf8 20. Rf1 Rh4 21. Qd1 Bxd2 22. Qxd2 Rxh3 23. Ne2 Qh4 24. Ng3 Rh2 0-1

[Event "Titled Tuesday intern op 12th Mar Early"]
[Site "Chess.com INT"]
[Date "2024.03.12"]
[Round "11"]
[White "Adireddy, Arjun"]
[Black "Dushyant, Sharma"]
[Result "1-0"]
[WhiteElo "2299"]
[BlackElo "2331"]
[PlyCount "99"]
[EventDate "2024.03.12"]
[EventType "swiss (blitz)"]
[EventRounds "11"]
[EventCountry "USA"]
[SourceTitle "CB12_2024"]
[SourceDate "2023.10.01"]
[SourceVersion "1"]
[SourceVersionDate "2023.10.01"]
[SourceQuality "1"]

1. e4 d5 2. exd5 Nf6 3. d4 Bg4 4. Nf3 Qxd5 5. Be2 Nc6 6. h3 Bh5 7. Nc3 Qd7 8. d5 Nb4 9. Ne5 Bxe2 10. Qxe2 Qf5 11. Qb5+ c6 12. Qxb4 Qxe5+ 13. Be3 cxd5 14. Qxb7 Rb8 15. Qc6+ Nd7 16. Nxd5 e6 17. Nc7+ Kd8 18. Na6 Qa5+ 19. Bd2 Qe5+ 20. Be3 Rc8 21. Qb7 Qd5 22. Qxd5 exd5 23. 0-0-0 Rc6 24. Rxd5 Rxa6 25. Rhd1 Ke8 26. Rxd7 Be7 27. Rb7 f6 28. Rb8+ Kf7 29. Rxh8 Rxa2 30. Rd7 Ke6 31. Rxa7 Rxa7 32. Bxa7 f5 33. Rxh7 Kf7 34. Be3 Kg8 35. Rh5 g6 36. Rg5 Kg7 37. h4 Kh6 38. Rxf5+ Kg7 39. Rd5 Bxh4 40. b4 Bxf2 41. Bd4+ Bxd4 42. Rxd4 Kf6 43. b5 Ke5 44. c3 Kf5 45. b6 Kg5 46. b7 Kh6 47. b8Q Kh5 48. Qh2+ Kg5 49. Qe5+ Kh6 50. Rh4# 1-0

[Event "Titled Tuesday intern op 12th Mar Early"]
[Site "Chess.com INT"]
[Date "2024.03.12"]
[Round "2"]
[White "Adireddy, Arjun"]
[Black "Suyarov, Mukhammadzokhid"]
[Result "1-0"]
[WhiteElo "2299"]
[BlackElo "2407"]
[PlyCount "107"]
[EventDate "2024.03.12"]
[EventType "swiss (blitz)"]
[EventRounds "11"]
[EventCountry "USA"]
[SourceTitle "CB12_2024"]
[SourceDate "2023.10.01"]
[SourceVersion "1"]
[SourceVersionDate "2023.10.01"]
[SourceQuality "1"]

1. e4 e5 2. Nf3 Nf6 3. Nxe5 d6 4. Nf3 Nxe4 5. d4 d5 6. Bd3 Bd6 7. 0-0 0-0 8. Nc3 Nxc3 9. bxc3 Nc6 10. c4 dxc4 11. Bxc4 Bg4 12. c3 Qf6 13. Be2 Rfe8 14. Re1 h6 15. Be3 Ne7 16. h3 Bh5 17. Nd2 Bxe2 18. Qxe2 Nd5 19. Qd3 Rad8 20. Rad1 c6 21. c4 Nxe3 22. fxe3 Bb8 23. Nf3 c5 24. d5 Re7 25. e4 Rde8 26. d6 Rd7 27. e5 Qe6 28. Qd5 b6 29. Re4 Qxd5 30. Rxd5 f6 31. e6 Rxd6 32. Nh4 Kh7 33. Nf5 Rdxe6 34. Rxe6 Rxe6 35. Rd7 Kg6 36. Nxg7 Bg3 37. Nxe6 Kf5 38. Nd8 Ke4 39. Nc6 a5 40. Rb7 Kd3 41. Rxb6 Kxc4 42. Nxa5+ Kd3 43. Rc6 Be5 44. Kf1 Bd4 45. Ke1 Bc3+ 46. Kd1 Bb4 47. Nb7 c4 48. Nc5+ Kd4 49. Na4 Kd3 50. Nb2+ Ke3 51. Nxc4+ Kf2 52. Rxf6+ Kxg2 53. Rxh6 Kf3 54. Rb6 1-0

[Event "Titled Tuesday intern op 12th Mar Early"]
[Site "Chess.com INT"]
[Date "2024.03.12"]
[Round "7"]
[White "Kurchenko, Egor"]
[Black "Adireddy, Arjun"]
[Result "1-0"]
[WhiteElo "2308"]
[BlackElo "2299"]
[PlyCount "121"]
[EventDate "2024.03.12"]
[EventType "swiss (blitz)"]
[EventRounds "11"]
[EventCountry "USA"]
[SourceTitle "CB12_2024"]
[SourceDate "2023.10.01"]
[SourceVersion "1"]
[SourceVersionDate "2023.10.01"]
[SourceQuality "1"]

1. e4 c5 2. Nf3 e6 3. d4 cxd4 4. Nxd4 Nc6 5. Nc3 Qc7 6. Be3 a6 7. a3 b5 8. Nxc6 Qxc6 9. Bd3 Bb7 10. Qd2 Nf6 11. f3 Bc5 12. 0-0-0 Bxe3 13. Qxe3 d6 14. Ne2 0-0 15. Nd4 Qc5 16. g4 b4 17. axb4 Qxb4 18. h4 Rab8 19. c3 Qb6 20. Rh2 Rfc8 21. h5 Nd7 22. h6 g6 23. Qg5 Qd8 24. Qxd8+ Rxd8 25. Nc2 Nc5 26. Bc4 Bc6 27. Rhd2 Bb5 28. Ba2 Rb6 29. Na3 Ba4 30. Re1 Nb3+ 31. Bxb3 Bxb3 32. Re3 Rc8 33. Red3 d5 34. exd5 Bxd5 35. Kb1 Rbb8 36. c4 Bc6 37. Ka1 Kf8 38. Nc2 Ke7 39. Nd4 Ba8 40. b3 Rd8 41. Ka2 e5 42. Re3 Kf6 43. g5+ Kxg5 44. Rxe5+ Kxh6 45. Ra5 Rb6 46. c5 Rbb8 47. Ka3 Bd5 48. Rxa6 Kg7 49. Rd6 Rxd6 50. cxd6 Rd8 51. Nb5 Bxf3 52. Kb4 Bc6 53. Kc5 Bxb5 54. Kxb5 Kf6 55. Kc6 h5 56. Kc7 Rxd6 57. Kxd6 g5 58. b4 g4 59. b5 h4 60. b6 g3 61. b7 1-0

[Event "Bangalore op 1st"]
[Site "Bangalore"]
[Date "2024.01.23"]
[Round "7"]
[White "Adireddy, Arjun"]
[Black "Parvathareddy, Ajay Santhosh"]
[Result "0-1"]
[WhiteElo "2415"]
[BlackElo "2204"]
[PlyCount "76"]
[EventDate "2024.01.18"]
[EventType "swiss"]
[EventRounds "10"]
[EventCountry "IND"]
[SourceTitle "CB05_2024"]
[SourceDate "2024.01.31"]
[SourceVersion "1"]
[SourceVersionDate "2024.01.31"]
[SourceQuality "1"]

1. e4 c5 2. Nf3 d6 3. d4 cxd4 4. Nxd4 Nf6 5. Nc3 a6 6. Be3 Ng4 7. Bc1 Nf6 8. f3 e5 9. Nb3 Be6 10. Be3 Be7 11. Qd2 h5 12. 0-0-0 Nbd7 13. Kb1 Rc8 14. Nd5 Nxd5 15. exd5 Bf5 16. Bd3 Bxd3 17. Qxd3 Bg5 18. Bf2 Qc7 19. h4 Bf4 20. g3 Bh6 21. g4 Bf4 22. Nd2 hxg4 23. fxg4 Bxd2 24. Qxd2 Nf6 25. g5 Ne4 26. Qe2 Qxc2+ 27. Qxc2 Rxc2 28. Kxc2 Nxf2 29. h5 Nxd1 30. Kxd1 f6 31. gxf6 gxf6 32. Ke2 Kf7 33. Kf3 f5 34. Rc1 Rxh5 35. Rc7+ Kf6 36. Rxb7 e4+ 37. Ke3 Ke5 38. Rb6 Rh2 0-1

[Event "Tamil Nadu IM 7th"]
[Site "Chennai"]
[Date "2023.11.30"]
[Round "8"]
[White "Adireddy, Arjun"]
[Black "Chitlange, Sakshi"]
[Result "1/2-1/2"]
[WhiteElo "2155"]
[BlackElo "2224"]
[PlyCount "140"]
[EventDate "2023.11.26"]
[EventType "tourn"]
[EventRounds "9"]
[EventCountry "IND"]
[EventCategory "1"]
[SourceTitle "CB49_2023"]
[SourceDate "2023.12.06"]
[SourceVersion "1"]
[SourceVersionDate "2023.12.06"]
[SourceQuality "1"]

1. e4 e6 2. d4 d5 3. Nc3 Nf6 4. Bg5 dxe4 5. Nxe4 Nbd7 6. Nxf6+ Nxf6 7. Nf3 h6 8. Bf4 Bd6 9. Ne5 0-0 10. Qf3 Nd5 11. Bg3 Nb4 12. Qe2 c5 13. c3 Nd5 14. Qd2 Qc7 15. Be2 b6 16. 0-0 Bb7 17. Bf3 Rad8 18. Rfe1 Nf6 19. Bxb7 Qxb7 20. Rad1 Be7 21. Nf3 cxd4 22. Nxd4 Ne4 23. Qe2 Nxg3 24. hxg3 Bf6 25. Nc2 Qc7 26. Qe4 Rxd1 27. Rxd1 Rd8 28. Rd3 Rd7 29. Kf1 Kf8 30. Ke2 Ke7 31. Nb4 Rxd3 32. Kxd3 Qd7+ 33. Kc2 Bg5 34. Nc6+ Ke8 35. Nd4 Qa4+ 36. Kd3 Qd1+ 37. Kc4 Qa4+ 38. Kd3 Qd1+ 39. Kc4 Qa4+ 40. b4 Qxa2+ 41. Kb5 Bd8 42. Qc6+ Ke7 43. Qb7+ Ke8 44. Qc6+ Ke7 45. Qb7+ Ke8 46. c4 a5 47. Qc6+ Ke7 48. Qa8 Qd2 49. Nc6+ Ke8 50. Qxd8+ Qxd8 51. Nxd8 Kxd8 52. bxa5 bxa5 53. Kxa5 Kc7 54. Kb5 Kb7 55. Kc5 Kc7 56. g4 f6 57. Kb5 g6 58. Kc5 h5 59. gxh5 gxh5 60. f4 h4 61. Kb5 Kb7 62. c5 Kc7 63. c6 e5 64. fxe5 fxe5 65. Kc5 e4 66. Kd4 Kxc6 67. Kxe4 h3 68. gxh3 Kd6 69. Kf5 Ke7 70. Kg6 Kf8 1/2-1/2

[Event "Tamil Nadu IM 7th"]
[Site "Chennai"]
[Date "2023.11.30"]
[Round "7"]
[White "Hemanth, Raam"]
[Black "Adireddy, Arjun"]
[Result "0-1"]
[WhiteElo "2230"]
[BlackElo "2155"]
[PlyCount "74"]
[EventDate "2023.11.26"]
[EventType "tourn"]
[EventRounds "9"]
[EventCountry "IND"]
[EventCategory "1"]
[SourceTitle "CB49_2023"]
[SourceDate "2023.12.06"]
[SourceVersion "1"]
[SourceVersionDate "2023.12.06"]
[SourceQuality "1"]

1. e4 c5 2. Nf3 e6 3. d4 cxd4 4. Nxd4 Nc6 5. Nc3 Qc7 6. g3 a6 7. Bg2 Nf6 8. 0-0 Nxd4 9. Qxd4 Bc5 10. Qd3 Ng4 11. h3 Ne5 12. Qe2 d6 13. Bf4 b5 14. Rad1 Bb7 15. Nb1 0-0 16. Nd2 Ng6 17. Be3 Bxe3 18. Qxe3 Qxc2 19. Nb3 Ne5 20. Na5 Nc4 21. Nxc4 Qxc4 22. Rc1 Qxa2 23. Rc7 Bc8 24. e5 d5 25. Rfc1 a5 26. Bf1 Ba6 27. Bd3 b4 28. Bxa6 Rxa6 29. Kh2 Qxb2 30. Rb7 Raa8 31. Rcc7 Rac8 32. Rd7 Qb1 33. Qa7 Qf5 34. Kg2 Qe4+ 35. Kh2 Rc1 36. g4 Qf3 37. Rxf7 Rh1# 0-1

[Event "Tamil Nadu IM 7th"]
[Site "Chennai"]
[Date "2023.11.26"]
[Round "2"]
[White "Ziatdinov, Raset"]
[Black "Adireddy, Arjun"]
[Result "0-1"]
[WhiteElo "2077"]
[BlackElo "2155"]
[PlyCount "74"]
[EventDate "2023.11.26"]
[EventType "tourn"]
[EventRounds "9"]
[EventCountry "IND"]
[EventCategory "1"]
[SourceTitle "CB49_2023"]
[SourceDate "2023.12.06"]
[SourceVersion "1"]
[SourceVersionDate "2023.12.06"]
[SourceQuality "1"]

1. e4 c5 2. Nf3 e6 3. Nc3 Nc6 4. Bc4 Nf6 5. 0-0 d5 6. exd5 exd5 7. Bb5 Be7 8. d4 c4 9. Ne5 Bd7 10. Nxd7 Qxd7 11. b3 cxb3 12. axb3 a6 13. Re1 Rc8 14. Bxc6 Rxc6 15. Ba3 Re6 16. Bxe7 Qxe7 17. Na4 0-0 18. Nc5 Rxe1+ 19. Qxe1 Qc7 20. Qe5 Qc6 21. Qe7 b6 22. Qb7 Qd6 23. Nxa6 Ng4 24. Qc7 Qf6 25. Rf1 Qxd4 26. c3 Qd2 27. Nb4 Nf6 28. Nc6 Ne4 29. c4 dxc4 30. bxc4 Qe2 31. Qxb6 Re8 32. Qe3 Qxc4 33. Rc1 Qa4 34. Qd4 Qa3 35. Re1 Nf6 36. Rxe8+ Nxe8 37. h3 Qc1+ 0-1